Toyota Corona handbook and repair manual ; complete details on Corona RT 40 series.

Bibliographic Details
Corporate Author: Clymer Publications
Format: Book
Language:English
Published: Los Angeles, [publisher not identified] ; 1971.
Subjects:

MARC

Tag First Indicator Second Indicator Subfields
LEADER 00000cam a2200000 4500
001 in00000097487
005 20150925115000.0
008 800402s1971 caua 00000 eng d
035 |a (OCoLC)06158458 
035 |9 AAL2947AM 
040 |a TXA  |c TXA  |d UtOrBLW 
049 |a TXAM  |c [1206205] 
090 |a TL215.T64  |b C55 
110 2 |a Clymer Publications. 
245 1 0 |a Toyota Corona handbook and repair manual ;  |b complete details on Corona RT 40 series. 
264 1 |a Los Angeles,  |b [publisher not identified] ;  |c 1971. 
300 |a 470 pages :  |b illustrations 
336 |a text  |b txt  |2 rdacontent 
337 |a unmediated  |b n  |2 rdamedia 
338 |a volume  |b nc  |2 rdacarrier 
500 |a "Reproduction of 3 complete factory manuals covering the engine, chassis and body, respectively." 
650 0 |a Toyota automobiles. 
999 |a MARS 
999 f f |s 99f3ab71-fa0c-3ade-a243-9bd05ac4821c  |i e2beb695-0044-3c7d-83a5-1b0bdcc706f0  |t 0 
952 f f |p normal  |a Texas A&M University  |b College Station  |c Sterling C. Evans Library  |d Evans: Library Stacks  |t 0  |e TL215.T64 C55  |h Library of Congress classification  |i unmediated -- volume  |m A14805525858 
998 f f |a TL215.T64 C55  |t 0  |l Evans: Library Stacks